[Event "IECC KO email"]
[Site "IECC email"]
[Date "2000.02.13"]
[Round "?"]
[White "Duben, Igor"]
[Black "Khan, Rell"]
[Result "1-0"]
[WhiteElo "1752"]
[BlackElo "1882"]
[PlyCount "53"]
[EventDate "2000.??.??"]
[EventType "tourn (corr)"]
[EventRounds "6"]
[SourceTitle "Corr 2008"]
[Source "ChessBase"]
[SourceDate "2008.06.24"]
[SourceVersion "1"]
[SourceVersionDate "2008.06.24"]
[SourceQuality "1"]

1. e4 c6 2. d4 d5 3. Nd2 dxe4 4. Nxe4 Nd7 5. Nf3 Ngf6 6. Nxf6+ Nxf6 7. Ne5 e6 8. Bd3 Bd6 9. 0-0 0-0 10. Bg5 h6 11. Bh4 Be7 12. c3 c5 13. dxc5 Bxc5 14. Qe2 Be7 15. Rad1 Qa5 16. a3 Rd8 17. Bc2 Kf8 18. Rxd8+ Qxd8 19. Rd1 Qc7 20. Bg3 Qa5 21. Qf3 Qa6 22. a4 Kg8 23. b4 Qb6 24. Qd3 a5 25. Nc4 Qc6 26. b5 Qc5 27. Qd8+ 1-0

[Event "IECC CL3-1999.30"]
[Site "IECC email"]
[Date "1999.08.06"]
[Round "?"]
[White "Galindo, Eduardo"]
[Black "Khan, Rell"]
[Result "1-0"]
[WhiteElo "1976"]
[BlackElo "1890"]
[PlyCount "69"]
[EventDate "1999.??.??"]
[EventType "tourn (corr)"]
[EventRounds "4"]
[SourceTitle "Corr 2008"]
[Source "ChessBase"]
[SourceDate "2008.06.24"]
[SourceVersion "1"]
[SourceVersionDate "2008.06.24"]
[SourceQuality "1"]

1. e4 Nf6 2. Nc3 d5 3. e5 Nfd7 4. d4 c5 5. f4 e6 6. Nf3 Nc6 7. Be3 Qb6 8. Na4 Qa5+ 9. c3 cxd4 10. b4 Qc7 11. Nxd4 a6 12. Nxc6 Qxc6 13. Bd4 b5 14. Nb2 a5 15. a4 axb4 16. axb5 Qb7 17. Rxa8 Qxa8 18. Na4 bxc3 19. Bd3 c2 20. Qxc2 Qa5+ 21. Ke2 Bb7 22. Ra1 Qb4 23. Nb6 Nc5 24. Bxc5 Qxc5 25. Qxc5 Bxc5 26. Ra7 Bxb6 27. Rxb7 Bd8 28. b6 0-0 29. Rb8 g5 30. fxg5 Kg7 31. h4 Rg8 32. h5 Kh8 33. h6 Bxb6 34. Rxb6 Rxg5 35. Rb8+ 1-0

[Event "IECC CL3-1999.30"]
[Site "IECC email"]
[Date "1999.08.06"]
[Round "?"]
[White "Khan, Rell"]
[Black "Barrett, John M"]
[Result "1-0"]
[WhiteElo "1894"]
[BlackElo "1944"]
[PlyCount "71"]
[EventDate "1999.??.??"]
[EventType "tourn (corr)"]
[EventRounds "4"]
[SourceTitle "Corr 2008"]
[Source "ChessBase"]
[SourceDate "2008.06.24"]
[SourceVersion "1"]
[SourceVersionDate "2008.06.24"]
[SourceQuality "1"]

1. Nf3 d5 2. d4 Nf6 3. g3 Bf5 4. Bg2 e6 5. 0-0 c5 6. c4 Nc6 7. cxd5 Nxd5 8. Ne5 Nde7 9. Nxc6 Nxc6 10. e4 Bg6 11. d5 Nd4 12. Nc3 Qa5 13. Be3 Qb4 14. a3 Qb3 15. Bxd4 Qxd1 16. Rfxd1 cxd4 17. Nb5 Rc8 18. dxe6 fxe6 19. Nxa7 Rd8 20. Rac1 Bh5 21. f3 e5 22. Rc7 Rd7 23. Rdc1 Be7 24. Nb5 Rf8 25. Rxd7 Kxd7 26. Rc7+ Kd8 27. Bh3 Ke8 28. Rxb7 d3 29. Nc7+ Kf7 30. Nd5 Re8 31. Bf1 d2 32. Be2 Kf8 33. Nxe7 Rxe7 34. Rxe7 Kxe7 35. Kf2 Be8 36. Ke3 1-0